| 000 | 00904cam a2200229 4500 | ||
|---|---|---|---|
| 001 | ABS61804 | ||
| 008 | 000000n1999 000 0 eng u | ||
| 035 | _a(Sirsi) u103732 | ||
| 100 | _aBradford, K. | ||
| 245 | _aInsovency - how it affects the options of landlord and tenant | ||
| 260 | _c1999 | ||
| 490 |
_aRent Review and Lease Renewal _v4 December 1999, 223-236(14) |
||
| 520 | _aProvides and overview of the various options available when either a landlord and tenant of a commercial lease becomes insolvent. Uses the example of the landlord's enforcement options against an insolvent tenant to illustrate the effect of these options on the landlord and tenant relationship. | ||
| 590 | _aABS | ||
| 650 |
_aInsolvency _96247 |
||
| 650 | _aLEASES | ||
| 650 | _aCOVENANTS | ||
| 650 | _aREMEDY | ||
| 650 | _aRECEIVERSHIP | ||
| 690 | _aLANDLORD AND TENANT-BUSINESS TENANCIES | ||
| 942 | _n0 | ||
| 999 |
_c62300 _d62300 |
||